The Elements of Mathematical Logic /

Đã lưu trong:
Chi tiết về thư mục
Tác giả chính: Rosenbloom, Paul C. (autor)
Định dạng: Sách
Ngôn ngữ:Tiếng Anh
Được phát hành: Nueva York, EUA : Dover, 1950, c1950
Các nhãn: Thêm thẻ
Không có thẻ, Là người đầu tiên thẻ bản ghi này!

MARC

LEADER 00000nam^a2200000^a^4500
001 000441948
005 20250526000000.0
009 20260310123415.536
037 |a Acervo ITESO - Biblioteca 
041 |a ING 
091 |a FHM. 10386 
100 |a Rosenbloom, Paul C.  |e (autor) 
245 1 4 |a The Elements of Mathematical Logic / 
264 4 |a Nueva York, EUA :  |b Dover,  |c 1950, c1950 
300 |a IV, 214 p. ;  |c 20.5 cm. 
336 |a texto  |b txt  |2 rdacontenido 
337 |a sin mediación  |b n  |2 rdamedio 
338 |a volumen  |b nc  |2 rdasoporte 
649 |a XX 
910 |a Fondo Hugo B. Margáin 
920 |a Impresos - Libros 
930 |a Libros Antiguos y Raros 
905 |a 126 
901 |a 0500301960  |b IT2  |c LRA  |i D119669  |u 20250526 
902 |a https://opac.biblio.iteso.mx/vufind/Record/000441948